000 00968nam a2200301 i 4500
003 EG-GICUC
005 20260224104742.0
008 260224s1967 sz ||||fr|||| 00| 0 fre d
040 _aEG-GiCUC
_bfre
_cEG-GiCUC
_dEG-GiCUC
_erda
082 0 4 _221
_a341.65
_bKN . D
092 0 4 _221
099 _aLaw1 11 341.65 KN . D 1967
100 1 _aKnitel, Hans G
_eAuteur
245 1 4 _aLes Délégations Du Comité International De La Croix-rouge /
_b
_cHans G. Knitel.
_n
264 1 _aGenève :
_bL'institut Universitaire De Hautes Études Internationales,
_c1967.
300 _a242pages :
_billustrations,
_c24 cm
336 _2rda content
_atext
337 _2rda media
_aComputer
338 _2rda carrier
_aOnline Resource
504 _a
546 _aTexte en français
650 1 4 _aDroit international public
_2
651 1 _2
856 4 0 _uhttps://fll.law.cu.edu.eg/fulltext/bks/B11-08035.pdf
905 _a50
942 _2ddc
_cBK
_e21
_n0
999 _c64103
_d64103